=LDR 00000nam 2200000 4500 =001 000584 =005 20250711083657 =035 ##$$a 0010-0725000452 =007 ta =008 250711################a##########0#ind## =020 ##$$a 978-623-307-469-8 =082 ##$$a 398.209 598 =084 ##$$a 398.209 598 PAU k =100 #$$a Paul kennedy =245 1#$$a Kancing siapa ini ? /$c Paul kennedy =250 ##$$a Cetakan kedua =260 ##$$a Rawamangun :$b Badan pengembangan dan pembinaan bahasa,$c 2022 =300 ##$$a 14 hlm. : $b Ilus. ; $c 29cm =650 #4$$a Cerita anak indonesia-terjemahan =990 ##$$a TBM03450345